000
00332nam a2200145Ia 4500
008
230718s9999 xx 000 0 und d
041
_a
Eng.
082
_a
346-36
_b
ABI-L
100
_a
Abid S.A
245
0
_a
land Acquistim Act, 1934
260
_a
Pakistan
_b
Marjal law book
_c
1894
300
_a
194
650
_a
Law
999
_c
26632
_d
26632